| 000 | 00496nam a2200205Ia 4500 | ||
|---|---|---|---|
| 003 | OSt | ||
| 005 | 20140319105544.0 | ||
| 008 | 140130s9999 xx 000 0 und d | ||
| 020 | _a9780439912396 | ||
| 050 |
_aGV 884.A1 _b.L32 2007 |
||
| 100 | _aLadewski, Paul | ||
| 245 |
_aSuper guards / _cPaul Ladewski. |
||
| 260 |
_bScholastic, _c2007. _anew York : |
||
| 300 |
_a32 p. : _bcol. ill. ; _c24 cm. |
||
| 440 | _v1 | ||
| 521 | _aG10 | ||
| 526 | _c1030 | ||
| 942 |
_cBK _2lcc |
||
| 999 |
_c41383 _d41383 |
||